000 00981nam a2200217 4500
008 041130s1989 mauab b 001 0 eng
082 0 _a271.509914
090 _aBX3746.P5
_bD37j
100 1 _aDe la Costa, Horacio,
_d1916-1977.
245 1 4 _aThe Jesuits in the Philippines, 1581-1768 /
_cby H. de la Costa.
260 _aCambridge :
_bHarvard University Press,
_c1961, 1989.
300 _a702 p. :
_bill., maps
500 _a[Photocopy].
500 _aReprinted by arrangement with Harvard University Press by Peimon Press for The Catholic Bishop's Conference of the Philippines in conjuction with the National Office of Mass Media, Manila.
504 _aIncludes bibliographical references and index.
610 2 4 _aJesuits
_zPhilippines
_xHistory.
650 4 _aMissions
_zPhilippines
_xHistory.
651 4 _aPhilippines
_xReligion.
710 2 2 _aCatholic Bishops' Conference of the Philippines.
951 _p27914
_x00030136
_oBX3746.P5/D37j
_j070613111429390
_d2000-12-21
_cFIL
999 _c21956
_d21956